نظم المعلومات والتشغيل الالكتروني / (رقم التسجيلة. 13816)

تفاصيل مارك
000 -الفاتح
حقل البيانات ثابتة الطول 00715nam a22002057a 4500
003 - محدد رقم الضبط
رقم الضبط OSt
005 - وقت وتاريخ اخر تعامل مع التسجيلة
رقم الضبط 20150408113914.0
008 - عناصر البيانات ثابتة الطول - معلومات عامة
حقل البيانات ثابتة الطول 110826s2011 JO b | k 00| 0 ara d
020 ## - الرقم الدولى المعيارى للكتب
الرقم الدولى المعيارى للكتاب 9789957246235
040 ## - مصدر الفهرسة
وكالة النسخ دار أجنادين
082 ## - رقم تصنيف ديوى العشرى
رقم الطبعة 21
رقم التصنيف 004.21
رقم المادة ق ث ع
100 ## - المدخل الرئيسى - إسم شخصى
الإسم الشخصى القباني، ثناء علي.
9 (RLIN) 3283
245 ## - بيان العنوان
العنوان نظم المعلومات والتشغيل الالكتروني /
بيان المسئوليه,etc ثناء علي القباني.
250 ## - بيان الطبعة
بيان الطبعة ط. 1.
260 ## - PUBLICATION, DISTRIBUTION, ETC. (IMPRINT)
مكان الناشر او الموزع عمان، الأردن :
اسم الناشر او الموزع دار صفاء،
تاريخ النشر أو التوزيع 2011.
300 ## - الوصف المادى
التعداد 392 ص. :
تفاصيل ماديه اخرى للوعاء أشكال ؛
أبعاد الوعاء 24 سم.
650 ## - المدخل الاضافى بالموضوع-مصطلح موضوعى
مصطلح موضوعي أو اسم جغرافي كعنصر مدخل نظم المعلومات.
650 ## - المدخل الاضافى بالموضوع-مصطلح موضوعى
مصطلح موضوعي أو اسم جغرافي كعنصر مدخل الحاسبات الآلكترونية
التقسيم الفرعي العام برمجة.
9 (RLIN) 3284
942 ## - عناصر المدخل الإضافي( كوها)
مصدر التصنيف او مخطط الترفيف Dewey Decimal Classification
Koha [default] item type DVD
المقتنيات
حالة الفقد نموذج السعر الفعال حالة تلف ليس للاعارة رقم الطلب تاريخ الاكتساب الموقع الحالي الباركود الفرع الرئيسي Date last seen نوع المادة فى نظام كوها مصدر التصنيف او خطة الترفيف Total Checkouts Date last checked out
  2013-03-10     004.21 ق ث ع 2012-07-30 المكتبة المركزية بالمجمعة (CL) 00092570 المكتبة المركزية بالمجمعة (CL) 2013-03-10 كتاب Dewey Decimal Classification    
  2013-03-10     004.21 ق ث ع 2012-07-30 المكتبة المركزية بالمجمعة (CL) 00092569 المكتبة المركزية بالمجمعة (CL) 2013-03-10 كتاب Dewey Decimal Classification    
  2013-03-10     004.21 ق ث ع 2012-07-30 المكتبة المركزية بالمجمعة (CL) 00092545 المكتبة المركزية بالمجمعة (CL) 2013-03-10 كتاب Dewey Decimal Classification    
  2013-03-10     004.21 ق ث ع 2011-08-26 قسم الاجراءات الفنية (IC) 00102350 قسم الاجراءات الفنية (IC) 2013-03-10 كتاب Dewey Decimal Classification    
  2013-03-10     004.21 ق ث ع 2011-08-26 قسم الاجراءات الفنية (IC) 00102351 قسم الاجراءات الفنية (IC) 2013-03-10 كتاب Dewey Decimal Classification    
  2013-03-10     004.21 ق ث ع 2011-08-26 قسم الاجراءات الفنية (IC) 00102352 قسم الاجراءات الفنية (IC) 2013-03-10 كتاب Dewey Decimal Classification    
  2013-03-10     004.21 ق ث ع 2011-12-08 قسم الاجراءات الفنية (IC) 00073529 قسم الاجراءات الفنية (IC) 2013-03-10 كتاب Dewey Decimal Classification    
  2013-03-10     004.21 ق ث ع 2011-12-08 قسم الاجراءات الفنية (IC) 00073528 قسم الاجراءات الفنية (IC) 2013-03-10 كتاب Dewey Decimal Classification    
  2013-03-10     004.21 ق ث ع 2011-12-08 قسم الاجراءات الفنية (IC) 00073527 قسم الاجراءات الفنية (IC) 2013-03-10 كتاب Dewey Decimal Classification    
  2013-03-10     004.21 ق ث ع 2011-12-08 قسم الاجراءات الفنية (IC) 00073526 قسم الاجراءات الفنية (IC) 2013-03-10 كتاب Dewey Decimal Classification    
  2013-03-10     004.21 ق ث ع 2012-08-15 قسم الاجراءات الفنية (IC) 00093520 قسم الاجراءات الفنية (IC) 2013-03-10 كتاب Dewey Decimal Classification    
  2013-03-10     004.21 ق ث ع 2011-11-25 مكتبة مجمع الكليات بالزلفى - طلاب (SZM) 00072269 مكتبة مجمع الكليات بالزلفى - طلاب (SZM) 2013-03-10 كتاب Dewey Decimal Classification    
  2013-03-10     004.21 ق ث ع 2011-11-25 مكتبة مجمع الكليات بالزلفى - طلاب (SZM) 00072268 مكتبة مجمع الكليات بالزلفى - طلاب (SZM) 2013-06-19 كتاب Dewey Decimal Classification 1 2013-04-21